Hướng dẫn tự học Microsoft Word 2010 cho người mới bắt đầu

Nội dung giới thiệu giao diện người dùng Ribon của Microsoft Word 2010, những tính năng mới và làm việc với các tài liệu trong Office 2010, định dạng một tài liệu bằng Style trong Word 2010. Hướng dẫn cách tạo Header và Footer, sử dụng Mail Merge để...

תיאור מלא

שמור ב:
מידע ביבליוגרפי
מחבר ראשי: Trương, Nguyễn Tiến Trung
פורמט: ספר
שפה:Undetermined
יצא לאור: Thành phố Hồ Chí Minh Hồng Đức 2010
נושאים:
תגים: הוספת תג
אין תגיות, היה/י הראשונ/ה לתייג את הרשומה!
Thư viện lưu trữ: Trung tâm Học liệu Trường Đại học Cần Thơ
LEADER 01188nam a2200205Ia 4500
001 CTU_159992
008 210402s9999 xx 000 0 und d
020 |c 67000 
082 |a 005.15 
082 |b Tr513 
100 |a Trương, Nguyễn Tiến Trung 
245 0 |a Hướng dẫn tự học Microsoft Word 2010 cho người mới bắt đầu 
245 0 |c Trương Nguyễn Tiến Trung 
260 |a Thành phố Hồ Chí Minh 
260 |b Hồng Đức 
260 |c 2010 
520 |a Nội dung giới thiệu giao diện người dùng Ribon của Microsoft Word 2010, những tính năng mới và làm việc với các tài liệu trong Office 2010, định dạng một tài liệu bằng Style trong Word 2010. Hướng dẫn cách tạo Header và Footer, sử dụng Mail Merge để cá nhân hóa bức thư và phong bì, xử lý sự cố mà người dùng thường gặp trong Word 2010. 
650 |a Word ( computer programs ),Word ( chương trình máy tính ) 
904 |i H.Loan 
980 |a Trung tâm Học liệu Trường Đại học Cần Thơ